Statystyki dla Stany USA

Kliknij tutaj aby rozwiązać quiz!

Ogólne statystyki

  • Ten quiz został rozwiązany 176 686 razy
  • Średni wynik to 23 z 50

Odpowiedzi na mapie

Odpowiedzi skodowane kolorowo w zielono-czerwonej skali na mapie do tego quizu, zgodnie z poniższymi procentami.
Ładowanie ...
 

Statystyki odpowiedzi

Stan% Poprawnych
Alaska
88%
Kalifornia
88%
Teksas
88%
Nowy Jork
85%
Waszyngton
83%
Floryda
82%
Hawaje
69%
Karolina Północna
65%
Karolina Południowa
63%
Nevada
61%
Nowy Meksyk
60%
Alabama
59%
Arizona
58%
Dakota Północna
53%
Ohio
52%
Dakota Południowa
52%
Kolorado
50%
Mississippi
47%
Utah
45%
Georgia
44%
Oregon
43%
Idaho
43%
Montana
42%
Wirginia
42%
Kentucky
41%
Pennsylwania
41%
New Jersey
40%
Michigan
40%
Kansas
40%
Luizjana
40%
Illinois
39%
Nebraska
38%
Oklahoma
38%
Missouri
37%
Minnesota
36%
Arkansas
35%
Indiana
33%
Wyoming
33%
Maine
33%
Iowa
30%
Tennessee
30%
Massachusetts
30%
Wisconsin
30%
Wirginia Zachodnia
29%
Rhode Island
27%
Maryland
25%
Vermont
24%
New Hampshire
23%
Delaware
23%
Connecticut
23%

Rozkład punktacji

Percentyl według liczby udzielonych odpowiedzi

Procent ludzi z każdym wynikiem

Twoja historia wyników

Nie rozwiązałeś tego quizu